|
|
|
|
| LEADER |
00000naa2a2200000 4500 |
| 001 |
188648 |
| 005 |
20241223142137.0 |
| 035 |
|
|
|a (RuTPU)RU\TPU\book\204897
|
| 035 |
|
|
|a RU\TPU\tpu\6500
|
| 090 |
|
|
|a 188648
|
| 100 |
|
|
|a 20101211d1966 k |0rusy50 ca
|
| 101 |
0 |
|
|a rus
|
| 102 |
|
|
|a RU
|
| 200 |
1 |
|
|a Эффективность баровых машин для резания мерзлого грунта
|f О. Д. Алимов [и др.]
|
| 463 |
|
1 |
|0 (RuTPU)RU\TPU\book\186149
|t Труды II научной сессии вузов Западной Сибири
|o краткое содержание докладов
|f Западно-сибирский совет по координации и планированию научно-исследовательских работ по техническим и естественным наукам ; под ред. Ю. П. Цивинского
|v С. 96-97
|d 1966
|s Межвузовский сборник трудов ; Вып. 5
|
| 610 |
1 |
|
|a горное дело
|
| 610 |
1 |
|
|a труды учёных ТПУ
|
| 701 |
|
1 |
|a Алимов
|b О. Д.
|
| 701 |
|
1 |
|a Басов
|b И. Г.
|
| 701 |
|
1 |
|a Зелингер
|b Ф. Ф.
|
| 701 |
|
1 |
|a Юдин
|b В. Г.
|
| 801 |
|
0 |
|a RU
|b 63413507
|c 20011210
|g PSBO
|
| 801 |
|
2 |
|a RU
|b 63413507
|c 20111003
|g PSBO
|
| 942 |
|
|
|c BK
|